Normal view
MARC view
Entry Personal Name
001 - CONTROL NUMBER
- control field: 872587
003 - CONTROL NUMBER IDENTIFIER
- control field: OSt
005 - DATE AND TIME OF LATEST TRANSACTION
- control field: 20260114185636.0
008 - FIXED-LENGTH DATA ELEMENTS
- fixed length control field: 260114|| aca||aabn | a|a d
040 ## - CATALOGING SOURCE
- Original cataloging agency: OSt
- Transcribing agency: OSt
100 ## - HEADING--PERSONAL NAME
- Personal name: George Yagi
670 ## - SOURCE DATA FOUND
- Source citation: Work cat.: (OSt)1471535: George Yagi, The Struggle for North America, 1754-1758 Britannia?s Tarnished Laurels, 2016
